000 00425nam a22001817a 4500
003 MPLRDC
005 20220104142947.0
008 210129b ||||| |||| 00| 0 eng d
020 _a7-5013-1235-5
082 _a496.5 DJZ
100 _a杜金芝等主编
245 _a成功销售
_c
250 _a第一版
260 _a
_b中国广播电视出版社
_c1991
300 _b
650 _a
942 _cBK
_o496.5 DJZ
999 _c35282
_d35272